|
|
|
|
| LEADER |
00000cam a2200000 a 4500 |
| 001 |
vtls008442713 |
| 003 |
SK-MaSNL |
| 005 |
20260426014734.0 |
| 008 |
240318s1991 xxka g 000 m eng |
| 020 |
|
|
|a 0194311678
|q (viaz.)
|
| 035 |
|
|
|a SAVUKc015122
|
| 040 |
|
|
|a SNK
|b slo
|c SNK
|e AACR2
|
| 041 |
0 |
|
|a eng
|
| 044 |
|
|
|a xxk
|c GB
|
| 072 |
|
7 |
|a 811.111
|x Angličtina
|2 konspekt
|
| 080 |
|
|
|a 811.111
|2 2001
|
| 080 |
|
|
|a 81`1
|2 2001
|
| 080 |
|
|
|a (038)81
|2 2001
|
| 080 |
|
|
|a (038.072)
|2 2001
|
| 100 |
1 |
|
|a Hornby, Albert Sydney,
|d 1898-1978
|4 aut
|9 515581
|
| 245 |
1 |
0 |
|a Oxford advanced learner's dictionary of current english
|c A. S. Hornby ; chief editor Anthony P. Cowie
|
| 250 |
|
|
|a 4th ed.
|
| 260 |
|
|
|a Oxford
|b Oxford University Press
|c 1991
|
| 300 |
|
|
|a xix, 1579 s.
|b ilustr., plány
|c 22 cm
|
| 650 |
0 |
7 |
|a angličtina
|2 SNKPH
|9 1260
|
| 650 |
0 |
7 |
|a lingvistika
|2 SNKPH
|9 860
|
| 655 |
|
7 |
|a jazykové slovníky
|2 SNKPH
|9 70525
|
| 655 |
|
7 |
|a výkladové slovníky
|2 SNKPH
|9 69007
|
| 700 |
1 |
|
|a Cowie, Anthony P.
|4 edt
|9 741077
|
| 919 |
|
|
|a 0-19-431167-8
|
| 999 |
|
|
|c 1167039
|d 1168969
|
| 952 |
|
|
|a SNK
|b SNK
|y VYP
|7 0
|p 17A0810054
|o snkIC 140779
|i snk2013/17264
|8 5
|3 Vrátené z príručnej knižnice
|0 0
|1 0
|4 0
|d 2013-07-23
|l 0
|r 2026-02-24 20:51:57
|w 2026-02-24
|